Interstate Highways Quiz - Statistics

General Stats
  • This quiz has been taken 38 times
  • The average score is 9 of 10
Answer Stats
Hint Answer % Correct
SR 1 in Santa Monica, California-I-95/US 17/SR 15/SR 228 in Jacksonville, Florida 10
97%
Fed. 1/Fed. 1D at Mexican border in San Ysidro, California-Hwy 99 at Canadian border in Blaine, Washington 5
97%
SR 519/4th Avenue/Edgar Martinez Drive in Seattle, Washington-MA 1A in Boston, Massachusetts 90
97%
US 1 in Miami, Florida-NB 95 at Canadian border in Houlton, Maine 95
97%
I-15 in Barstow, California-US 117/NC 132 in Wilmington, North Carolina 40
94%
I-15 in Cove Fort, Utah-I-695 in Woodlawn, Maryland 70
91%
US 101 in San Francisco, California-I-95 in Teaneck, New Jersey 80
91%
US 83/Victoria Street in Laredo, Texas-MN 61/LSCT/26th Avenue in Duluth, Minnesota 35
85%
US 59 in Rosenberg, Texas-Hwy 402 at Canadian border in Port Huron, Michigan 69
73%
US 82/US 277/US 281/US 287 in Wichita Falls, Texas-I-70 in St. Louis, Missouri 44
55%
No matching quizzes found
Score Distribution
Percent of People with Each Score
Percentile by Number Answered
Your Score History
You have not taken this quiz